000 00704nam a2200229Ia 4500
003 OSt
005 20220925230250.0
006 a|||||r|||| 00| 0
007 ta
008 220923b |||||||| |||| 00| 0 eng d
037 _cGeneral Book
040 _aRTL
_cRTL
_beng
041 _2eng
_aeng
082 _aX:9-75.73.N8, M5
100 _aGinzberg Eli
_9126854
245 0 _aUnderstanding human resources
_b Perspectives peopl
260 _aLondon
_bUniversity Press of America UK
_c1985
300 _axvii, 744p. Bib p 697-703 ; Appendix p 705
_ccm.
650 _aLabour Economics
_921364
942 _hX:9-75.73.N8, M5
_cGB
_2CC
999 _c585053
_d585053